Estatísticas para QUIZ DAS CELEBRIDADES #1

Clique aqui para jogar o quiz

Estatísticas Gerais

  • Esse quiz foi jogado 75 vezes
  • A pontuação média é 27 de 62

Estatísticas das Respostas

Resposta% Correto
CazéTV
98%
Felipe Neto
98%
Alanzoka
92%
Desimpedidos
92%
Everson Zoio
92%
Cellbit
86%
Inutilismo
86%
Diogo Defante
83%
Monark Talks
83%
Manual do Mundo
81%
Flow Podcast
78%
Coisa de Nerd
77%
Cadê a Chave?
73%
LubaTV
73%
Orochinho
73%
SUPERXANDAO
70%
BRKsEDU
69%
Felca
69%
Gaules
66%
Você Sabia?
66%
Bluezao
59%
Corbucci Eats
59%
Área Secreta
56%
Calango
56%
Felps
56%
Gameplayrj
56%
Nando Moura
56%
Space Today
55%
cidcidoso
44%
Castro Brothers
42%
Gato Galactico
38%
Tinocando TV
38%
LOUD Caiox
31%
ZeRO
31%
AssopraFitas
30%
Bagi
30%
IntoxiAnime
30%
Matheus Canella
30%
Fiaspo
28%
Forever Player
25%
Saiko
25%
Jovem Nerd
20%
GEMAPLYS
17%
L U C K H A O S
17%
Ycro
17%
Felipe Barbieri
16%
Isabela Boscov
16%
Colônia Contra Ataca
14%
meiaum
13%
viniccius13
13%
Bruno Rataque
9%
Tibba
9%
Jumentossauro
8%
Cronosfera
6%
Toca do Foxy
6%
Biffe
3%
caionomichi
3%
Carteiro Cósmico
3%
Akemy_Sama
2%
Hey Migs
2%
Scottonauta
2%
Quadrinhos na Sarjeta
0%

Distribuição das Pontuações

Percentil de Números Respondidos

Porcentagem de Pessoas com Cada Pontuação

Sua Pontuação Histórica

Você não jogou esse quiz